01201nam a2200325 a 4500001001200000003000800012006001900020007001500039008004100054020001800095020002700113040002100140035002100161043001200182050002500194100001600219245008100235260005600316300003800372504005100410533015200461650001800613650002300631655002900654700001700683700001500700710001700715856012600732999001700858ebr10417550CaPaEBRm u cr cn|||||||||101214s2010 ii ac sb 001 0 eng d z9789380012261 z9789380012001 (series) aCaPaEBRcCaPaEBR a(OCoLC)698587025 aa-ii---14aSF396.I4bB43 2010eb1 aBhat, P. N.10aPig productionh[electronic resource] /cP.M. Bhat, N.H. Mohan and Sukh Deo. aNew Delhi, India :bStudium Press Pvt. Ltd.,c2010. a545 p. :bill. (some col.), port. aIncludes bibliographical references and index. aElectronic reproduction.bPalo Alto, Calif. :cebrary,d2011.nAvailable via World Wide Web.nAccess may be limited to ebrary affiliated libraries. 0aSwinezIndia. 0aSwinexProduction. 7aElectronic books.2local1 aMohan, N. H.1 aDeo, Sukh.2 aebrary, Inc.40uhttp://site.ebrary.com/lib/rucke/Doc?id=10417550zAn electronic book accessible through the World Wide Web; click to view c84612d84612